| 000 | 00963cam a2200313Ma 4500 | ||
|---|---|---|---|
| 001 | ocn271565973 | ||
| 003 | OCoLC | ||
| 005 | 20100830025410.0 | ||
| 008 | 051124s2007 enk 000 0 eng d | ||
| 015 | _aGBA550626 2 bnb | ||
| 020 | _a1845926994 | ||
| 020 | _a9781845926991 | ||
| 035 | _a(OCoLC)271565973 | ||
| 040 |
_aAU@ _cAU@ |
||
| 041 | _aeng | ||
| 043 |
_ae------ _ae-uk-st |
||
| 049 | _aSZTA | ||
| 082 | 0 | 4 |
_aKD4078 _2.B76 |
| 100 | 1 |
_aBrown, Alastair N. _91707 |
|
| 245 | 1 | 0 |
_aHuman rights cases / _cby Alastair N. Brown. |
| 260 |
_aHaywards Heath, West Sussex ; _aEdinburgh : _bTottel, _c2007. |
||
| 300 |
_axvii, 216 p. ; _c22 cm. |
||
| 500 | _aOriginally published: 2000. | ||
| 650 | 0 |
_aCivil rights _zEurope. _91708 |
|
| 650 | 0 |
_aCivil rights _zScotland. _91709 |
|
| 650 | 0 |
_aHuman rights _91710 |
|
| 942 |
_2lcc _cBOOK |
||
| 999 |
_c876 _d876 |
||